Top Five North American Pro Sports Venues by Capacity - Statistics

General Stats
  • This quiz has been taken 65 times
  • The average score is 6 of 25
Answer Stats
League Capacity Stadium % Correct
MLB 49,638 Yankee Stadium
87%
MLS 30,321 Yankee Stadium
87%
NFL 80,000 AT&T Stadium
51%
MLB 56,000 Dodger Stadium
49%
NFL 82,500 MetLife Stadium
36%
NBA 20,917 United Center
29%
NHL 19,717 United Center
29%
NFL 82,000 FedEx Field
27%
MLS 42,500 Mercedes-Benz Stadium
27%
MLB 48,519 Chase Field
22%
NFL 81,435 Lambeau Field
22%
MLB 49,282 Rogers Centre
22%
NHL 21,302 Bell Centre
20%
MLS 39,419 CenturyLink Field
13%
MLB 50,398 Coors Field
13%
NBA 20,491 Little Caesars Arena
11%
NHL 19,515 Little Caesars Arena
11%
NBA 20,356 Capital One Arena
9%
NBA 21,600 Wells Fargo Center
9%
NHL 19,500 Wells Fargo Center
9%
MLS 30,991 BMO Field
7%
NFL 93,607 Los Angeles Memorial Coliseum
7%
NBA 20,562 Quicken Loans Arena
7%
NHL 19,289 Scotiabank Saddledome
4%
MLS 50,805 TCF Bank Stadium
2%
No matching quizzes found
Score Distribution
Percent of People with Each Score
Percentile by Number Answered
Your Score History
You have not taken this quiz